Click Provinces Of Canada By Their Flags On A Map - Statistics

General Stats
  • This quiz has been taken 31 times
  • The average score is 8 of 13
Answers on the Map
Answers color-coded by a green-red scale on the quiz's map according to % correct below.
 
Answer Stats
Answer % Correct
90%
81%
81%
67%
67%
62%
62%
62%
52%
52%
48%
43%
43%
No matching quizzes found
Score Distribution
Percent of People with Each Score
Percentile by Number Answered
Your Score History
You have not taken this quiz